RIdIM/RCMI Newsletter

محفوظ في:

التنسيق: دورية

اللغة: Undetermined

منشور في: JSTOR
Research Center for Music Iconography, The Graduate Center, City University of New York

الموضوعات:

الوصول للمادة أونلاين: Login to view Source

الوسوم: إضافة وسم

لا توجد وسوم, كن أول من يضع وسما على هذه التسجيلة!

رقم الطلب:

LEADER 00580nas a2200181Ia 4500
008 220214c99999999xx |||||||||||| ||und||
022 |a 0360-8727 
022 |a 2169-8317 
245 0 0 |a RIdIM/RCMI Newsletter 
264 1 |b JSTOR 
264 1 |b Research Center for Music Iconography, The Graduate Center, City University of New York 
362 0 |a Vol. 1(1975)-22 (1997) 
653 1 0 |a Arts 
653 1 0 |a Music 
856 4 0 |u https://www.jstor.org/journal/ridircminews 
942 |c JL 
952 |0 0  |1 0  |4 0  |7 1  |9 37069  |a JSR  |b JSR  |d 2022-02-14  |l 0  |r 2022-02-14 00:00:00  |w 2022-02-14  |y JL 
999 |c 45400  |d 45400